| 000 | 00439nam a2200181Ia 4500 | ||
|---|---|---|---|
| 008 | 240925s9999 xx 000 0 und d | ||
| 020 | _a9789332549678 | ||
| 082 | _a657 BES | ||
| 100 | _aBest, Roger | ||
| 245 | 0 | _aMarket Based Management | |
| 250 | _a6th | ||
| 260 |
_aIndia: _bPearson Education _c,2013. |
||
| 300 |
_a231p. _b0 _fOriginal |
||
| 500 | _aIncludes Index | ||
| 600 | _aManagement | ||
| 650 | _aAccounting | ||
| 942 | _cBK | ||
| 999 |
_c17084 _d17084 |
||